[Event "Polanica Zdroj op-D 47th"]
[Site "Polanica Zdroj"]
[Date "2011.08.25"]
[Round "6"]
[White "Suliborski, Jakub"]
[Black "Flazinski, Jozef"]
[Result "1-0"]
[WhiteElo "1970"]
[BlackElo "1989"]
[PlyCount "83"]
[EventDate "2011.08.20"]
[EventType "swiss"]
[EventRounds "9"]
[EventCountry "POL"]
[SourceTitle "EXT 2014"]
[Source "ChessBase"]
[SourceDate "2013.11.20"]
[SourceVersion "1"]
[SourceVersionDate "2013.11.20"]
[SourceQuality "1"]

1. d4 c5 2. d5 e6 3. e4 d6 4. c4 g6 5. Nc3 Bg7 6. Be2 Nf6 7. f4 exd5 8. exd5 0-0 9. Nf3 Bg4 10. 0-0 Re8 11. Rb1 Nbd7 12. h3 Bf5 13. Bd3 Ne4 14. Nxe4 Bxe4 15. Bxe4 Rxe4 16. Qd3 Qe7 17. Bd2 Re8 18. Rfe1 Nf6 19. b4 cxb4 20. Bxb4 Qc7 21. Kh1 Rxc4 22. Bxd6 Qc8 23. Be5 Rd8 24. d6 Nh5 25. Qd5 b6 26. Ng5 Rd7 27. Nxf7 Rc5 28. Nh6+ Kh8 29. Qd2 Rc2 30. Rbc1 Rxc1 31. Qxc1 Qf8 32. Qe3 Bxe5 33. fxe5 Ng7 34. e6 Rb7 35. Qd4 Qd8 36. e7 Qe8 37. Qd5 Rd7 38. Nf7+ Kg8 39. Ne5+ Kh8 40. Nxd7 Qxd7 41. Qf7 h6 42. e8R+ 1-0

[Event "Polanica Zdroj op-D 47th"]
[Site "Polanica Zdroj"]
[Date "2011.08.20"]
[Round "1"]
[White "Flazinski, Jozef"]
[Black "Skolarczyk, Maciej"]
[Result "1-0"]
[WhiteElo "1989"]
[BlackElo "1571"]
[PlyCount "69"]
[EventDate "2011.08.20"]
[EventType "swiss"]
[EventRounds "9"]
[EventCountry "POL"]
[SourceTitle "EXT 2014"]
[Source "ChessBase"]
[SourceDate "2013.11.20"]
[SourceVersion "1"]
[SourceVersionDate "2013.11.20"]
[SourceQuality "1"]

1. e4 Nf6 2. e5 Nd5 3. d4 d6 4. Nf3 Bg4 5. Bc4 Nb6 6. Bxf7+ Kd7 7. e6+ Kc8 8. h3 Bxf3 9. Qxf3 Nc6 10. c3 Kb8 11. Bf4 Qc8 12. Nd2 Nd8 13. 0-0 Nxf7 14. exf7 Qf5 15. Rfe1 Qxf7 16. Qe4 a6 17. b3 Nd5 18. Bg3 Ka7 19. c4 Nf6 20. Qf3 g6 21. Ne4 h6 22. Nc3 Bg7 23. d5 Rae8 24. Re6 Rh7 25. Rae1 Bf8 26. c5 dxc5 27. Bxc7 Rc8 28. Bb6+ Ka8 29. d6 Nd7 30. Qxf7 Rxf7 31. dxe7 Bxe7 32. Nd5 Bd8 33. Re8 Rf8 34. Rxf8 Nxf8 35. Re8 1-0

[Event "Kowalewo Pomorskie op-A 17th"]
[Site "Kowalewo Pomorskie"]
[Date "2010.07.04"]
[Round "1"]
[White "Plichta, Kamil"]
[Black "Flazinski, Jozef"]
[Result "1-0"]
[WhiteElo "2158"]
[BlackElo "2000"]
[PlyCount "109"]
[EventDate "2010.07.04"]
[EventType "swiss"]
[EventRounds "8"]
[EventCountry "POL"]
[SourceTitle "CBM 137 Extra"]
[Source "ChessBase"]
[SourceDate "2010.09.01"]
[SourceVersion "1"]
[SourceVersionDate "2010.09.01"]
[SourceQuality "1"]

1. d4 Nf6 2. c4 c5 3. d5 e6 4. Nc3 exd5 5. cxd5 d6 6. e4 g6 7. h3 Bg7 8. Bd3 0-0 9. Nf3 Nfd7 10. Bf4 Ne5 11. Nxe5 dxe5 12. Be3 b6 13. 0-0 f5 14. f3 f4 15. Bf2 Nd7 16. a3 Qg5 17. Kh2 Nf6 18. b4 cxb4 19. axb4 Nh5 20. Qe1 Ng3 21. Rg1 Bd7 22. Ne2 Nxe2 23. Qxe2 Qe7 24. Qb2 Rfc8 25. Ba6 Rd8 26. Rgc1 Be8 27. Qb3 Kh8 28. Rc4 Bf6 29. Rac1 Bh4 30. Rc7 Rd7 31. Bxh4 Qxh4 32. Qb2 Qg5 33. Rc8 Rd8 34. Rxa8 Rxa8 35. Rc7 b5 36. Qf2 h5 37. Kg1 Qf6 38. Qc5 Kg8 39. Qe7 Qxe7 40. Rxe7 Kf8 41. Rxe5 Bd7 42. d6 Rb8 43. Re7 Rb6 44. Rxd7 Rxa6 45. e5 Ke8 46. Rb7 Ra1+ 47. Kf2 Ra2+ 48. Ke1 Ra3 49. Kd2 Re3 50. Rxb5 a6 51. Rb8+ Kd7 52. Rb7+ Kd8 53. Re7 g5 54. e6 Re5 55. Kc3 1-0

[Event "Kowalewo Pomorskie op-A 16th"]
[Site "Kowalewo Pomorskie"]
[Date "2009.07.06"]
[Round "3"]
[White "Banasik, Krzysztof"]
[Black "Flazinski, Jozef"]
[Result "1-0"]
[WhiteElo "2300"]
[BlackElo "2009"]
[PlyCount "93"]
[EventDate "2009.07.04"]
[EventType "swiss"]
[EventRounds "9"]
[EventCountry "POL"]
[SourceTitle "CBM 131 Extra"]
[Source "ChessBase"]
[SourceDate "2009.09.03"]
[SourceVersion "2"]
[SourceVersionDate "2009.09.16"]
[SourceQuality "1"]

1. e4 c5 2. d3 g6 3. g3 Bg7 4. Bg2 Nc6 5. Ne2 d6 6. 0-0 Nf6 7. h3 0-0 8. c3 e5 9. Be3 Nh5 10. g4 Nf4 11. Nxf4 exf4 12. Bxf4 f5 13. f3 g5 14. Bg3 f4 15. Bf2 Qf6 16. Na3 Be6 17. Nc2 h5 18. d4 Bc4 19. Re1 hxg4 20. hxg4 Rad8 21. Bf1 Bf7 22. Be2 b6 23. Kg2 Ne7 24. Rh1 Bg6 25. Ne1 Nc6 26. Qa4 Na5 27. Rd1 Be8 28. Bb5 Bf7 29. Be2 Be8 30. Qc2 Bg6 31. b4 cxb4 32. cxb4 Rc8 33. Qa4 Be8 34. Bb5 Nc4 35. Bxe8 Rfxe8 36. Rh5 Qf7 37. Qb5 Bf6 38. Nd3 Ne3+ 39. Bxe3 fxe3 40. Rdh1 d5 41. e5 Rc2+ 42. Kh3 Bd8 43. Kg3 Bf6 44. exf6 Qc7+ 45. f4 gxf4+ 46. Kf3 Qc8 47. Qxd5+ 1-0

[Event "Kowalewo Pomorskie op-A 16th"]
[Site "Kowalewo Pomorskie"]
[Date "2009.07.04"]
[Round "1"]
[White "Borgula, Rafal"]
[Black "Flazinski, Jozef"]
[Result "1-0"]
[WhiteElo "2283"]
[BlackElo "2009"]
[PlyCount "83"]
[EventDate "2009.07.04"]
[EventType "swiss"]
[EventRounds "9"]
[EventCountry "POL"]
[SourceTitle "CBM 131 Extra"]
[Source "ChessBase"]
[SourceDate "2009.09.03"]
[SourceVersion "2"]
[SourceVersionDate "2009.09.16"]
[SourceQuality "1"]

1. d4 Nf6 2. c4 e6 3. Nf3 c5 4. e3 cxd4 5. exd4 Nc6 6. Nc3 Bb4 7. Bd3 d5 8. 0-0 dxc4 9. Bxc4 Bxc3 10. bxc3 Qa5 11. Bb2 0-0 12. Bd3 e5 13. dxe5 Nxe5 14. Nxe5 Qxe5 15. Re1 Qc7 16. h3 Rd8 17. Qf3 Be6 18. c4 Bxc4 19. Bxc4 Qxc4 20. Bxf6 gxf6 21. Qxb7 Rab8 22. Qxa7 Rb2 23. a4 Rbd2 24. a5 Qc3 25. Qe3 R8d3 26. Qf4 Rd8 27. a6 Ra2 28. Rxa2 Qxe1+ 29. Kh2 Qe5 30. Qxe5 fxe5 31. a7 Ra8 32. g4 Kg7 33. Ra6 h6 34. Kg3 f6 35. h4 Kg6 36. Kf3 Kg7 37. Ke4 h5 38. gxh5 Kh6 39. Rxf6+ Kxh5 40. Ra6 Kxh4 41. Kxe5 Kg4 42. Kd6 1-0

[Event "Wisla op"]
[Site "Wisla"]
[Date "2009.05.07"]
[Round "5"]
[White "Flazinski, Jozef"]
[Black "Kozlowski, Tomasz"]
[Result "1/2-1/2"]
[WhiteElo "2009"]
[BlackElo "2007"]
[PlyCount "64"]
[EventDate "2009.05.04"]
[EventType "swiss"]
[EventRounds "11"]
[EventCountry "POL"]
[SourceTitle "EXT 2012"]
[Source "ChessBase"]
[SourceDate "2011.11.24"]
[SourceVersion "1"]
[SourceVersionDate "2011.11.24"]
[SourceQuality "1"]

1. e4 e5 2. Nf3 Nc6 3. Nc3 Be7 4. d4 exd4 5. Nxd4 Nf6 6. Be3 0-0 7. f4 Bb4 8. Bd3 d5 9. Nxc6 bxc6 10. e5 Ng4 11. Qd2 Nxe3 12. Qxe3 d4 13. Qe4 f5 14. Qxc6 dxc3 15. Qc4+ Be6 16. Qxe6+ Kh8 17. 0-0 cxb2 18. Rad1 Qd4+ 19. Kh1 Rab8 20. Bxf5 Bd2 21. c4 Qe3 22. Bb1 Rxf4 23. Rxf4 Qxf4 24. Qh3 Qh6 25. Qd7 Bg5 26. Qxc7 Rg8 27. Qd6 Qh4 28. g3 Qxc4 29. e6 Qe2 30. Qd5 Rf8 31. h4 Bf6 32. Be4 g6 1/2-1/2

[Event "Wisla op"]
[Site "Wisla"]
[Date "2009.05.05"]
[Round "3"]
[White "Flazinski, Jozef"]
[Black "Szamrej, Jozef"]
[Result "1-0"]
[WhiteElo "2009"]
[BlackElo "1794"]
[PlyCount "29"]
[EventDate "2009.05.04"]
[EventType "swiss"]
[EventRounds "11"]
[EventCountry "POL"]
[SourceTitle "EXT 2012"]
[Source "ChessBase"]
[SourceDate "2011.11.24"]
[SourceVersion "1"]
[SourceVersionDate "2011.11.24"]
[SourceQuality "1"]

1. e4 e5 2. Nf3 Nc6 3. d4 exd4 4. Nxd4 Nxd4 5. Qxd4 Qf6 6. e5 Qb6 7. Qf4 Qe6 8. Be3 d6 9. Bc4 dxe5 10. Qe4 Nf6 11. Qd3 Qf5 12. Qb3 Qd7 13. Nc3 c6 14. Rd1 Bd6 15. Bc5 1-0

[Event "Mazowieckie-chT 0506"]
[Site "Poland"]
[Date "2006.01.22"]
[Round "9"]
[White "Flazinski, Jozef"]
[Black "Plichta, Kamil"]
[Result "1-0"]
[WhiteElo "2029"]
[BlackElo "1800"]
[PlyCount "113"]
[EventDate "2005.10.09"]
[EventType "team-tourn"]
[EventRounds "9"]
[EventCountry "POL"]
[SourceTitle "EXT 2019"]
[Source "ChessBase"]
[SourceDate "2018.10.10"]
[SourceVersion "1"]
[SourceVersionDate "2018.10.10"]
[SourceQuality "1"]

1. e4 Nf6 2. Nc3 d5 3. exd5 Nxd5 4. Bc4 e6 5. Qf3 Nb6 6. Bb3 Nc6 7. d3 Bd7 8. Ne4 Nd4 9. Qg3 Nf5 10. Qg4 h5 11. Qe2 Bc6 12. Nf3 a5 13. Neg5 Bxf3 14. Qxf3 Nd6 15. Bf4 Be7 16. Ne4 a4 17. Bxd6 cxd6 18. Bc4 Nxc4 19. dxc4 Qa5+ 20. c3 Qa6 21. 0-0 Qxc4 22. b3 Qc6 23. Qe3 d5 24. Nd2 Bf6 25. Rac1 axb3 26. axb3 h4 27. Nf3 Qd7 28. Rfd1 Qe7 29. c4 d4 30. Nxd4 0-0 31. Nb5 Ra2 32. Qf3 Be5 33. h3 Qc5 34. Rf1 Rb2 35. Rb1 Rxb1 36. Rxb1 b6 37. Qe4 Bg3 38. Qc2 Bb8 39. Qe4 g5 40. Re1 Rd8 41. Qf3 Bf4 42. Rd1 Rxd1+ 43. Qxd1 Kg7 44. Nc3 Bc7 45. Nb5 Be5 46. Qd2 Kf6 47. Qd8+ Kg6 48. Qd3+ Kg7 49. Kf1 Qe7 50. Qe3 Bf4 51. Qxb6 Qb4 52. Qd4+ e5 53. Qc3 Qe7 54. g3 Qd7 55. gxf4 gxf4 56. Qxe5+ f6 57. Qc7 1-0

[Event "Warsaw AIG Life rapid"]
[Site "Warsaw"]
[Date "2005.12.17"]
[Round "1"]
[White "Flazinski, Jozef"]
[Black "Gyimesi, Zoltan"]
[Result "0-1"]
[WhiteElo "2029"]
[BlackElo "2624"]
[PlyCount "64"]
[EventDate "2005.12.17"]
[EventType "swiss (rapid)"]
[EventRounds "13"]
[EventCountry "POL"]
[SourceTitle "CBM 110 Extra"]
[Source "ChessBase"]
[SourceDate "2006.03.10"]
[SourceVersion "2"]
[SourceVersionDate "2006.03.10"]
[SourceQuality "1"]

1. e4 c5 2. c3 Nf6 3. e5 Nd5 4. d4 cxd4 5. cxd4 d6 6. Nf3 Nc6 7. Bc4 Nb6 8. Bb3 dxe5 9. 0-0 exd4 10. Ng5 e6 11. Qf3 Qf6 12. Qg3 Qg6 13. Re1 Be7 14. h4 h6 15. h5 Qxh5 16. Nxe6 Bxe6 17. Bxe6 fxe6 18. Qxg7 0-0-0 19. Qg3 Bd6 20. Qb3 Qh2+ 21. Kf1 Qh1+ 22. Ke2 d3+ 23. Kd1 Qxg2 24. Be3 Qg4+ 25. Kc1 Nc4 26. Nd2 Nxd2 27. Bxd2 Kb8 28. Rxe6 Nd4 29. Qd5 Rc8+ 30. Bc3 Bf4+ 31. Re3 Qg1+ 32. Kd2 Qxf2+ 0-1

[Event "Mazowieckie-chT 0506"]
[Site "Poland"]
[Date "2005.11.20"]
[Round "4"]
[White "Flazinski, Jozef"]
[Black "Dobrogost, Wojciech"]
[Result "0-1"]
[WhiteElo "2029"]
[BlackElo "2095"]
[PlyCount "62"]
[EventDate "2005.10.09"]
[EventType "team-tourn"]
[EventRounds "9"]
[EventCountry "POL"]
[SourceTitle "EXT 2019"]
[Source "ChessBase"]
[SourceDate "2018.10.10"]
[SourceVersion "1"]
[SourceVersionDate "2018.10.10"]
[SourceQuality "1"]

1. e4 c5 2. c3 Nf6 3. e5 Nd5 4. d4 cxd4 5. cxd4 g6 6. Bc4 Nb6 7. Bb3 Bg7 8. Nf3 0-0 9. 0-0 Nc6 10. Nc3 d6 11. exd6 Qxd6 12. Ne4 Qd8 13. Be3 Nb4 14. Qd2 N4d5 15. Bh6 Bd7 16. h4 Bc6 17. h5 Nf6 18. Nxf6+ exf6 19. Nh4 Bd5 20. Bxg7 Kxg7 21. Qe3 Bxb3 22. axb3 Qd5 23. h6+ Kg8 24. Nf3 Rae8 25. Qf4 Qd8 26. Ra5 Re6 27. Rc5 Nd5 28. Qg3 b6 29. Rc4 Qd6 30. Qh3 Rfe8 31. Qg4 Re4 0-1

[Event "Mazowieckie-chT 0506"]
[Site "Poland"]
[Date "2005.11.06"]
[Round "3"]
[White "Flazinski, Jozef"]
[Black "Olenderek, Tomasz"]
[Result "1-0"]
[WhiteElo "2029"]
[BlackElo "2169"]
[PlyCount "55"]
[EventDate "2005.10.09"]
[EventType "team-tourn"]
[EventRounds "9"]
[EventCountry "POL"]
[SourceTitle "EXT 2019"]
[Source "ChessBase"]
[SourceDate "2018.10.10"]
[SourceVersion "1"]
[SourceVersionDate "2018.10.10"]
[SourceQuality "1"]

1. e4 e5 2. Nf3 d6 3. d4 Nf6 4. dxe5 Nxe4 5. Bc4 c6 6. Nc3 Nxc3 7. bxc3 d5 8. Bd3 Be7 9. Nd4 0-0 10. 0-0 f5 11. exf6 Bxf6 12. Ba3 Be7 13. Qh5 g6 14. Bxg6 hxg6 15. Qxg6+ Kh8 16. Rae1 Bxa3 17. Qh6+ Kg8 18. Qg6+ Kh8 19. Re5 Qh4 20. Rh5+ Qxh5 21. Qxh5+ Kg7 22. Qg5+ Kh7 23. Re1 Rf7 24. Ne6 Bxe6 25. Rxe6 Rg7 26. Qf5+ Kh8 27. Re8+ Rg8 28. Qh5+ 1-0

[Event "POL-chT 2nd League"]
[Site "Wysowa"]
[Date "2005.08.28"]
[Round "2.71"]
[White "Delega, Tomasz"]
[Black "Flazinski, Jozef"]
[Result "1-0"]
[WhiteElo "2138"]
[BlackElo "2010"]
[PlyCount "83"]
[EventDate "2005.08.27"]
[EventType "team-swiss"]
[EventRounds "9"]
[EventCountry "POL"]
[SourceTitle "EXT 2019"]
[Source "ChessBase"]
[SourceDate "2018.10.10"]
[SourceVersion "1"]
[SourceVersionDate "2018.10.10"]
[SourceQuality "1"]
[WhiteTeam "Miedzyborow Wrzos"]
[BlackTeam "Wegrow SRSDiM"]
[WhiteTeamCountry "POL"]
[BlackTeamCountry "POL"]

1. e4 c5 2. Nf3 Nc6 3. Nc3 g6 4. d4 cxd4 5. Nxd4 Bg7 6. Be3 Nf6 7. Be2 0-0 8. 0-0 d6 9. Nb3 Ne5 10. f3 b6 11. Nd5 Nxd5 12. exd5 Bb7 13. c4 Rc8 14. Rc1 Rc7 15. f4 Nd7 16. Nd4 Rc8 17. b4 Qe8 18. Bg4 f5 19. Bf3 Bxd4 20. Bxd4 Nf6 21. Re1 Qd7 22. Qb3 Ne4 23. Qb2 b5 24. Bxe4 fxe4 25. Rxe4 bxc4 26. Bh8 Rf7 27. Rcxc4 Rxc4 28. Rxc4 Bxd5 29. Rc2 e5 30. Rd2 Qc6 31. fxe5 Kxh8 32. e6+ Rg7 33. e7 Bf7 34. Rf2 Qe8 35. Qf6 Bg8 36. Re2 d5 37. Qf8 Qc6 38. e8Q Qc4 39. Qe5 Qc7 40. Re1 h6 41. Qd4 g5 42. Re7 1-0

[Event "POL-chT 2nd League"]
[Site "Wysowa"]
[Date "2005.08.27"]
[Round "1.47"]
[White "Flazinski, Jozef"]
[Black "Kiersz, Ludwik"]
[Result "0-1"]
[WhiteElo "2010"]
[BlackElo "2140"]
[PlyCount "88"]
[EventDate "2005.08.27"]
[EventType "team-swiss"]
[EventRounds "9"]
[EventCountry "POL"]
[SourceTitle "EXT 2019"]
[Source "ChessBase"]
[SourceDate "2018.10.10"]
[SourceVersion "1"]
[SourceVersionDate "2018.10.10"]
[SourceQuality "1"]
[WhiteTeam "Wegrow SRSDiM"]
[BlackTeam "Pultusk Nadnarwianka"]
[WhiteTeamCountry "POL"]
[BlackTeamCountry "POL"]

1. e4 d5 2. exd5 Nf6 3. d4 Nxd5 4. c4 Nf6 5. Nc3 e6 6. Nf3 Be7 7. Bd3 0-0 8. 0-0 b6 9. Bf4 Bb7 10. Rc1 c5 11. Re1 cxd4 12. Nb5 Na6 13. Nfxd4 Nc5 14. Bb1 a6 15. Nc3 Rc8 16. Be3 h6 17. Qc2 Re8 18. f3 Ncd7 19. b3 Bf8 20. Qf2 Rc5 21. Rcd1 Qc7 22. Nde2 Ra5 23. Kh1 b5 24. cxb5 axb5 25. Rc1 Qb8 26. Nd4 b4 27. Ne4 Nd5 28. Bd2 f5 29. Ng3 Ra6 30. Qe2 N7f6 31. Qd3 Rb6 32. Ndxf5 exf5 33. Nxf5 Rxe1+ 34. Rxe1 Qc7 35. Nd4 Qf7 36. Qf5 Rd6 37. Nb5 Rd8 38. Rc1 Qd7 39. Qd3 Ba6 40. Qg6 Bxb5 41. Bxh6 Ne7 42. Qc2 gxh6 43. Re1 Qd2 44. Rxe7 Qd1+ 0-1

[Event "Mazowieckie-chT 0405"]
[Site "Poland"]
[Date "2005.01.23"]
[Round "8"]
[White "Przybyla, Kamil"]
[Black "Flazinski, Jozef"]
[Result "0-1"]
[WhiteElo "1800"]
[BlackElo "1984"]
[PlyCount "104"]
[EventDate "2004.10.03"]
[EventType "team-tourn"]
[EventRounds "10"]
[EventCountry "POL"]
[SourceTitle "EXT 2019"]
[Source "ChessBase"]
[SourceDate "2018.10.10"]
[SourceVersion "1"]
[SourceVersionDate "2018.10.10"]
[SourceQuality "1"]

1. e4 c5 2. d4 cxd4 3. Nf3 Nc6 4. Nxd4 e5 5. Nb5 a6 6. Nd6+ Bxd6 7. Qxd6 Qf6 8. Qd1 Qg6 9. Nc3 Nge7 10. Be3 d5 11. Nxd5 Nxd5 12. Qxd5 0-0 13. 0-0-0 Be6 14. Qd2 Qxe4 15. Bd3 Qa4 16. Bh6 gxh6 17. c4 Bxc4 18. Bc2 Qb4 19. Qxh6 f5 20. Rd7 Bf7 21. Qg5+ Bg6 22. Bb3+ Kh8 23. Kb1 Nd4 24. f4 Nxb3 25. axb3 Qxf4 26. Qe7 Rf7 27. Rd8+ Rxd8 28. Qxd8+ Kg7 29. Rc1 Qe4+ 30. Ka2 Qd4 31. Qb8 f4 32. Rc8 Qd5 33. Rc4 Qa5+ 34. Ra4 Qc7 35. Qe8 Re7 36. Qa8 Be8 37. Ra3 Bb5 38. Qa7 b6 39. Qa8 a5 40. Qf3 Re6 41. Qe4 Bc6 42. Qf5 Rf6 43. Qc2 Qd6 44. Qf2 Be4 45. Qg1 Rg6 46. Qe1 Bc6 47. b4 Qd5+ 48. Ka1 Rxg2 49. bxa5 Qd4 50. Qc3 Rg1+ 51. Ka2 Bd5+ 52. Rb3 Qa4# 0-1

[Event "Mazowieckie-chT 0405"]
[Site "Poland"]
[Date "2004.11.07"]
[Round "3"]
[White "Flazinski, Jozef"]
[Black "Ponceleusz, Bronislaw"]
[Result "0-1"]
[WhiteElo "1984"]
[BlackElo "2003"]
[PlyCount "75"]
[EventDate "2004.10.03"]
[EventType "team-tourn"]
[EventRounds "10"]
[EventCountry "POL"]
[SourceTitle "EXT 2019"]
[Source "ChessBase"]
[SourceDate "2018.10.10"]
[SourceVersion "1"]
[SourceVersionDate "2018.10.10"]
[SourceQuality "1"]

1. e4 c5 2. Nf3 e6 3. c3 d5 4. e5 Qb6 5. d4 Bd7 6. Bd3 Bb5 7. 0-0 Bxd3 8. Qxd3 Nc6 9. dxc5 Bxc5 10. b4 Be7 11. a4 Qc7 12. Na3 a6 13. Re1 h5 14. Bf4 Nh6 15. Nc2 Nf5 16. b5 Na5 17. Ncd4 g6 18. Rab1 Nc4 19. bxa6 Rxa6 20. Nb5 Qd7 21. Nd6+ Bxd6 22. exd6 0-0 23. Nd4 Nfxd6 24. Nb5 Rxa4 25. Bxd6 Nxd6 26. Nxd6 Qxd6 27. Rxb7 Qc6 28. Rb3 Rfa8 29. h3 Ra1 30. Rxa1 Rxa1+ 31. Kh2 Qc7+ 32. g3 h4 33. Qc2 hxg3+ 34. fxg3 Qc5 35. Qd2 Qc4 36. Rb2 Ra3 37. Rc2 Qa6 38. Rb2 0-1

[Event "Wisla Fianchetto op 5th"]
[Site "Wisla"]
[Date "2000.10.15"]
[Round "10.10"]
[White "Jagiela, Piotr"]
[Black "Flazinski, Jozef"]
[Result "1-0"]
[WhiteElo "2025"]
[BlackElo "2023"]
[PlyCount "65"]
[EventDate "2000.10.??"]
[EventType "swiss"]
[EventRounds "11"]
[EventCountry "POL"]
[SourceTitle "EXT 2005"]
[Source "ChessBase"]
[SourceDate "2004.11.15"]
[SourceVersion "1"]
[SourceVersionDate "2004.11.15"]
[SourceQuality "1"]

1. d4 Nf6 2. c4 e6 3. Nc3 d5 4. a3 dxc4 5. e4 Nc6 6. Nf3 a6 7. Bxc4 b5 8. Ba2 Bb7 9. 0-0 Be7 10. e5 Nd5 11. Nxd5 exd5 12. Qd3 Qd7 13. Bd2 Nd8 14. b4 Qg4 15. Bb1 Ne6 16. h3 Qh5 17. Kh2 g5 18. g4 Qh6 19. Qb3 Qg7 20. Bf5 h5 21. Kg3 hxg4 22. hxg4 Nxd4 23. Nxd4 Qxe5+ 24. f4 Qxd4 25. Qe3 gxf4+ 26. Rxf4 Qxe3+ 27. Bxe3 Bd6 28. Bd4 Bxf4+ 29. Kxf4 Rh3 30. Re1+ Kf8 31. Bc5+ Kg8 32. Bd4 Bc8 33. Re8# 1-0

[Event "Wisla Fianchetto op 5th"]
[Site "Wisla"]
[Date "2000.10.12"]
[Round "7.12"]
[White "Flazinski, Jozef"]
[Black "Strzelecki, Jerzy"]
[Result "0-1"]
[WhiteElo "2023"]
[BlackElo "2200"]
[PlyCount "58"]
[EventDate "2000.10.??"]
[EventType "swiss"]
[EventRounds "11"]
[EventCountry "POL"]
[SourceTitle "EXT 2005"]
[Source "ChessBase"]
[SourceDate "2004.11.15"]
[SourceVersion "1"]
[SourceVersionDate "2004.11.15"]
[SourceQuality "1"]

1. e4 c5 2. Nf3 e6 3. d4 cxd4 4. Nxd4 a6 5. a4 b6 6. Bd3 Nc6 7. Nxc6 dxc6 8. 0-0 e5 9. Nc3 Nf6 10. f4 Bc5+ 11. Kh1 Ng4 12. Qe1 Qd4 13. Nd1 exf4 14. Bxf4 0-0 15. Qg3 Re8 16. c3 Qf6 17. Bc7 Qh6 18. Bc4 Rf8 19. Bf4 g5 20. Bc7 Ra7 21. b4 Be7 22. h3 Rxc7 23. Qxc7 Bd6 24. Qxb6 Ne5 25. Bxf7+ Nxf7 26. Qxc6 Bxh3 27. Kg1 Bg4 28. Qd5 Bg3 29. Rf2 Qh2+ 0-1

[Event "Jaroslawiec op"]
[Site "Jaroslawiec"]
[Date "1997.??.??"]
[Round "?"]
[White "Flazinski, Jozef"]
[Black "Zyla, Janusz"]
[Result "0-1"]
[WhiteElo "2070"]
[BlackElo "2305"]
[PlyCount "98"]
[EventDate "1997.??.??"]
[EventType "swiss"]
[EventRounds "9"]
[EventCountry "POL"]
[SourceTitle "EXT 2003"]
[Source "ChessBase"]
[SourceDate "2002.11.25"]
[SourceVersion "1"]
[SourceVersionDate "2002.11.25"]
[SourceQuality "1"]

1. e4 c5 2. Nf3 Nc6 3. c3 e6 4. d4 d5 5. Bd3 Nf6 6. e5 Ne4 7. 0-0 f5 8. exf6 Nxf6 9. Ng5 cxd4 10. Bxh7 Nxh7 11. Qh5+ Kd7 12. Nxh7 Bd6 13. Qf7+ Qe7 14. Qxe7+ Kxe7 15. Ng5 Bxh2+ 16. Kh1 Bf4+ 17. Kg1 Bxc1 18. Rxc1 e5 19. cxd4 Nxd4 20. Nc3 Kf6 21. Nf3 Nxf3+ 22. gxf3 Be6 23. Ne2 d4 24. Ng3 Bd5 25. Kg2 Rac8 26. Ne4+ Ke6 27. Kg3 Rxc1 28. Rxc1 Rd8 29. a3 Bxe4 30. fxe4 d3 31. Kf3 d2 32. Rd1 Kf6 33. Ke3 g5 34. f3 g4 35. fxg4 Kg5 36. Rxd2 Rxd2 37. Kxd2 Kxg4 38. Ke3 b5 39. b3 a5 40. a4 bxa4 41. bxa4 Kg3 42. Kd3 Kf3 43. Kc4 Kxe4 44. Kb5 Kd4 45. Kxa5 e4 46. Kb6 e3 47. a5 e2 48. a6 e1Q 49. a7 Qe4 0-1